[Event "XIV American Continental"]
[Site "Sao Paulo BRA"]
[Date "2019.07.12"]
[Round "10.78"]
[White "Madeira, Wagner Martins"]
[Black "Andrade, Guilherme Alves de Souza"]
[Result "0-1"]
[WhiteElo "2150"]
[BlackElo "1867"]
[EventDate "2019.07.05"]
[PlyCount "98"]
[EventRounds "11"]
[EventCountry "BRA"]

1.e4 c6 2.Nc3 d5 3.Nf3 Bg4 4.h3 Bxf3 5.Qxf3 Nf6 6.d3 e6 7.Qg3 Qb6 8.Be2 d4
9.Nd1 Nbd7 10.O-O c5 11.Bd2 Bd6 12.f4 e5 13.Qxg7 Rg8 14.Qh6 Rg6 15.Qh4 
exf4 16.Bxf4 O-O-O 17.Bxd6 Qxd6 18.Rf5 Rdg8 19.Bf1 Qf8 20.c3 Qg7 21.Qf2 
Qh6 22.Kh1 Nh5 23.Rxh5 Qxh5 24.cxd4 Rf6 25.Qe1 cxd4 26.Rc1+ Kb8 27.Rc4 Ne5
28.Rc5 Nf3 29.Rxh5 Nxe1 30.Kg1 Nxg2 31.Bxg2 Rfg6 32.Nf2 Rxg2+ 33.Kf1 Rg1+ 
34.Ke2 R8g3 35.Rxh7 Rb1 36.Rxf7 Rxb2+ 37.Kf1 Rxa2 38.h4 a5 39.h5 Ra1+ 40.
Ke2 Re3+ 41.Kd2 Ra2+ 42.Kc1 Re1+ 43.Nd1 Ra1+ 44.Kc2 a4 45.Kb2 Raxd1 46.h6 
Rd2+ 47.Ka3 Rxd3+ 48.Kxa4 Rh3 49.h7 Ka7 0-1

[Event "XIV American Continental"]
[Site "Sao Paulo BRA"]
[Date "2019.07.12"]
[Round "10.79"]
[White "Cordioli, Jairo Ribeiro"]
[Black "Manzi, Luiz Antonio Bardaro"]
[Result "0-1"]
[WhiteElo "1871"]
[BlackElo "2092"]
[EventDate "2019.07.05"]
[PlyCount "114"]
[EventRounds "11"]
[EventCountry "BRA"]

1.d4 Nf6 2.c4 e6 3.Nf3 d5 4.cxd5 exd5 5.Nc3 Be7 6.Bg5 O-O 7.e3 Bf5 8.Bd3 
Bxd3 9.Qxd3 c6 10.O-O Nbd7 11.a3 Ne4 12.Bxe7 Qxe7 13.Nd2 f5 14.f3 Nxd2 15.
Qxd2 Rae8 16.Rae1 Qg5 17.Qf2 Qg6 18.Qg3 Qxg3 19.hxg3 Re7 20.Kf2 Nb6 21.b3 
Rfe8 22.Nd1 a5 23.Nb2 a4 24.bxa4 Ra8 25.Rb1 Nxa4 26.Nxa4 Rxa4 27.Rb3 Rc4 
28.Re1 b5 29.Re2 Kf7 30.Rd2 Ke8 31.Ke2 Ra7 32.e4 fxe4 33.fxe4 Re7 34.e5 
Ra7 35.g4 Raa4 36.Rbd3 Ke7 37.g5 Ke6 38.g4 c5 39.Ke3 cxd4+ 40.Kf4 Rc3 41.
Rxd4 Rcxa3 42.Rxa4 Rxa4+ 43.Kf3 Kxe5 44.Re2+ Kd6 45.Rh2 Re4 46.Rxh7 Re7 
47.g6 Kc5 48.Rh8 Re6 49.Kf4 Rxg6 50.g5 Rc6 51.Rg8 g6 52.Ke5 b4 53.Rd8 Kc4 
54.Rxd5 Rc5 55.Rxc5+ Kxc5 56.Kf6 b3 57.Kxg6 b2 0-1

[Event "XIV American Continental"]
[Site "Sao Paulo BRA"]
[Date "2019.07.12"]
[Round "10.80"]
[White "Kruger, Israel"]
[Black "Adasme Fredes, Mauricio"]
[Result "1/2-1/2"]
[WhiteElo "1869"]
[BlackElo "2088"]
[EventDate "2019.07.05"]
[PlyCount "63"]
[EventRounds "11"]
[EventCountry "BRA"]

1.e4 c5 2.Nf3 e6 3.Nc3 a6 4.g3 Nc6 5.Bg2 Qc7 6.O-O Nf6 7.d4 cxd4 8.Nxd4 
Nxd4 9.Qxd4 Bc5 10.Qd3 h6 11.Bf4 e5 12.Be3 d6 13.a3 Be6 14.Bxc5 dxc5 15.
Nd5 Bxd5 16.exd5 Qd6 17.c4 O-O 18.Rfe1 Rae8 19.Re2 Nh7 20.Rae1 f5 21.Qc3 
e4 22.f3 Ng5 23.fxe4 fxe4 24.Bxe4 Rxe4 25.Rxe4 Qg6 26.R4e3 Nh3+ 27.Kg2 
Rf2+ 28.Kh1 Rc2 29.Re8+ Kh7 30.Qe3 Nf2+ 31.Kg1 Nh3+ 32.Kh1 1/2-1/2

[Event "XIV American Continental"]
[Site "Sao Paulo BRA"]
[Date "2019.07.12"]
[Round "10.81"]
[White "Frattini, Beatriz Maria"]
[Black "Bassani, Jaison Jose"]
[Result "1/2-1/2"]
[WhiteElo "1858"]
[BlackElo "1973"]
[EventDate "2019.07.05"]
[PlyCount "120"]
[EventRounds "11"]
[EventCountry "BRA"]

1.e4 c5 2.Nf3 a6 3.Nc3 Nc6 4.d4 cxd4 5.Nxd4 e6 6.Nxc6 dxc6 7.Qxd8+ Kxd8 8.
Be3 Kc7 9.Na4 b5 10.Nc5 e5 11.O-O-O Nf6 12.f3 Nd7 13.Nxd7 Bxd7 14.Bb6+ Kc8
15.Be2 Rb8 16.Ba5 Be7 17.Rd3 Be6 18.Rhd1 Rb7 19.b3 c5 20.Kb2 Kb8 21.R3d2 
Rc8 22.Bf1 c4 23.Kb1 Ka7 24.g3 g5 25.g4 h6 26.h3 Rbb8 27.Bg2 Rc6 28.Kb2 f6
29.c3 b4 30.bxc4 bxc3+ 31.Kxc3 Rb5 32.Rd7+ Bxd7 33.Rxd7+ Kb8 34.Bc7+ Kc8 
35.Rxe7 Rbc5 36.Bxe5 Rxc4+ 37.Kd3 fxe5 38.Rxe5 Rc3+ 39.Kd4 R6c4+ 40.Kd5 
Rc5+ 41.Ke6 Rxe5+ 42.Kxe5 a5 43.Kf6 Rc2 44.Bf1 Rxa2 45.e5 Rf2 46.Ba6+ Kc7 
47.Kg6 Rxf3 48.Kxh6 Rxh3+ 49.Kxg5 Rf3 50.Kh6 Kd7 51.g5 Ke6 52.g6 Kxe5 53.
g7 Rh3+ 54.Kg6 Rg3+ 55.Kf7 Kd4 56.g8=Q Rxg8 57.Kxg8 a4 58.Bc8 Ke5 59.Kf7 
a3 60.Be6 a2 1/2-1/2

[Event "XIV American Continental"]
[Site "Sao Paulo BRA"]
[Date "2019.07.12"]
[Round "10.82"]
[White "Cella, Glaucio Dalla Cortt"]
[Black "Dabraccio, Guillermo"]
[Result "1-0"]
[WhiteElo "1962"]
[BlackElo "1611"]
[EventDate "2019.07.05"]
[PlyCount "57"]
[EventRounds "11"]
[EventCountry "BRA"]

1.e4 e6 2.d4 d5 3.Nd2 Nf6 4.e5 Nfd7 5.Bd3 c5 6.c3 Nc6 7.Ne2 Qb6 8.Nf3 cxd4
9.cxd4 Be7 10.O-O O-O 11.Nf4 Qd8 12.Re1 Kh8 13.Bb1 Rg8 14.g3 Nf8 15.h4 Bd7
16.Ng5 Bxg5 17.hxg5 g6 18.Kg2 Qb6 19.Ne2 Rc8 20.b3 a5 21.Rh1 a4 22.bxa4 
Rg7 23.Ba3 Qd8 24.Qd2 b6 25.Qf4 Nb8 26.Qf6 Qe8 27.Nf4 Bxa4 28.Bxf8 Qxf8 
29.Bxg6 1-0

[Event "XIV American Continental"]
[Site "Sao Paulo BRA"]
[Date "2019.07.12"]
[Round "10.83"]
[White "Pascheto, Ademir Heleno"]
[Black "Monteiro, Marcos Paulo de Souza"]
[Result "0-1"]
[WhiteElo "1827"]
[BlackElo "1953"]
[EventDate "2019.07.05"]
[PlyCount "64"]
[EventRounds "11"]
[EventCountry "BRA"]

1.b3 Nf6 2.Bb2 d6 3.e3 g6 4.Bxf6 exf6 5.c4 Bg7 6.Nc3 O-O 7.g3 f5 8.Bg2 Nc6
9.Nge2 Re8 10.O-O Ne5 11.Qc2 c6 12.Rac1 Bd7 13.d4 Ng4 14.Qd3 Qg5 15.Nf4 
Qh6 16.h3 Nf6 17.c5 d5 18.b4 g5 19.Ncxd5 cxd5 20.Nxd5 Nxd5 21.Bxd5 Rab8 
22.Bg2 a6 23.Qb3 f4 24.exf4 gxf4 25.g4 Bb5 26.Rfd1 Be2 27.a4 f3 28.Bxf3 
Qxh3 29.Rc3 Bxd1 30.Qxd1 Bxd4 31.Qd3 Qg3+ 32.Kh1 Qxf2 0-1

[Event "XIV American Continental"]
[Site "Sao Paulo BRA"]
[Date "2019.07.12"]
[Round "10.84"]
[White "Pereira Vera, Henry Alberto"]
[Black "Moro, Antonio Renato Pereira"]
[Result "1-0"]
[WhiteElo "1790"]
[BlackElo "1927"]
[EventDate "2019.07.05"]
[PlyCount "55"]
[EventRounds "11"]
[EventCountry "BRA"]

1.b3 e5 2.Bb2 Nc6 3.e3 g6 4.f4 Bg7 5.Nf3 d6 6.Bb5 f6 7.O-O Ne7 8.fxe5 dxe5
9.Bc4 Na5 10.Be2 Be6 11.Na3 O-O 12.Qe1 c5 13.Rd1 Nf5 14.e4 Nd6 15.d3 Nc6 
16.c3 Qe7 17.Bc1 Rad8 18.Nc2 Nb5 19.d4 Nxc3 20.Qxc3 exd4 21.Qe1 a6 22.Ba3 
f5 23.exf5 Rxf5 24.Bd3 Rf6 25.Ng5 Rxf1+ 26.Bxf1 Be5 27.Nxe6 Qxe6 28.Bc4 
1-0

[Event "XIV American Continental"]
[Site "Sao Paulo BRA"]
[Date "2019.07.12"]
[Round "10.86"]
[White "Itagyba, Renan Fortes"]
[Black "De Freitas, Jose Renato Silva"]
[Result "1-0"]
[WhiteElo "1719"]
[BlackElo "1873"]
[EventDate "2019.07.05"]
[PlyCount "43"]
[EventRounds "11"]
[EventCountry "BRA"]

1.e4 c5 2.Nf3 e6 3.d4 cxd4 4.Nxd4 Nc6 5.Nc3 Qc7 6.Be3 a6 7.Bd3 Nf6 8.O-O 
Ne5 9.h3 Bc5 10.Qe2 b5 11.f4 Nxd3 12.cxd3 d6 13.Rac1 Qb8 14.Qf2 e5 15.fxe5
dxe5 16.Nd5 Qa7 17.Nxf6+ gxf6 18.Qxf6 Bxd4 19.Qxh8+ Ke7 20.Bxd4 Qxd4+ 21.
Kh1 Bb7 22.Qf6+ 1-0

[Event "XIV American Continental"]
[Site "Sao Paulo BRA"]
[Date "2019.07.12"]
[Round "10.87"]
[White "Souza Junior, Helemberg Cubica de"]
[Black "Da Silva, Jefferson Rian Ferreir"]
[Result "0-1"]
[WhiteElo "1714"]
[BlackElo "1936"]
[EventDate "2019.07.05"]
[PlyCount "118"]
[EventRounds "11"]
[EventCountry "BRA"]

1.e4 Nf6 2.e5 Nd5 3.c4 Nb6 4.d4 d6 5.Nf3 Bg4 6.exd6 cxd6 7.Nc3 g6 8.h3 
Bxf3 9.Qxf3 Nc6 10.Be3 Bg7 11.Rd1 O-O 12.Be2 Rc8 13.O-O Nd7 14.a3 e6 15.
Nb5 Qe7 16.Qg3 d5 17.Nd6 Rb8 18.c5 e5 19.Bf3 e4 20.Be2 f5 21.b4 f4 22.Bxf4
Nxd4 23.Bg4 Rxf4 24.Qxf4 h5 25.Rxd4 Bxd4 26.Bxd7 Qxd7 27.Qg5 Qe6 28.Rd1 
Be5 29.Nb5 Rf8 30.Nd6 Kh7 31.Nxb7 d4 32.c6 d3 33.Nc5 Qd5 34.Nd7 Bh2+ 35.
Kxh2 Qxg5 36.Nxf8+ Kg8 37.Nd7 Qf4+ 38.Kg1 e3 39.fxe3 Qxe3+ 40.Kh2 d2 41.c7
Qf4+ 42.Kh1 Qxc7 43.Nf6+ Kf7 44.Ne4 Qc1 45.Nf2 h4 46.Kg1 Ke6 47.Kf1 Qc4+ 
48.Kg1 Qe2 49.Rf1 Qe3 50.a4 Qd4 51.Rb1 Kf5 52.a5 a6 53.b5 axb5 54.Rxb5+ 
Kf4 55.Rb1 Qc5 56.Rf1 Kg3 57.a6 d1=Q 58.Rxd1 Qxf2+ 59.Kh1 Qxg2# 0-1

[Event "XIV American Continental"]
[Site "Sao Paulo BRA"]
[Date "2019.07.12"]
[Round "10.89"]
[White "Da Rosa, Henrique Jaze Simoes"]
[Black "Moyses Sobrinho, Elias"]
[Result "1/2-1/2"]
[WhiteElo "1633"]
[BlackElo "1906"]
[EventDate "2019.07.05"]
[PlyCount "108"]
[EventRounds "11"]
[EventCountry "BRA"]

1.Nf3 Nf6 2.c4 d5 3.cxd5 Nxd5 4.e4 Nb4 5.d4 e6 6.a3 N4c6 7.Nc3 g6 8.g3 Bg7
9.Be3 O-O 10.Bg2 b6 11.O-O Bb7 12.Qd2 Na5 13.Qc2 Nc4 14.Bf4 Nd6 15.Rad1 
Nd7 16.Rfe1 a6 17.b3 b5 18.Rc1 Qe7 19.Qe2 e5 20.dxe5 Nxe5 21.Nxe5 Bxe5 22.
Nd5 Bxd5 23.exd5 f6 24.Bxe5 fxe5 25.Qxe5 Qf7 26.Qe6 Rae8 27.Qxf7+ Rxf7 28.
Rxe8+ Nxe8 29.d6 Kf8 30.dxc7 Rxc7 31.Rxc7 Nxc7 32.Kf1 Ke7 33.Ke2 Kd6 34.
Kd3 Kc5 35.Kc3 a5 36.b4+ axb4+ 37.axb4+ Kd6 38.f4 h6 39.Be4 g5 40.fxg5 
hxg5 41.h4 gxh4 42.gxh4 Na6 43.h5 Ke6 44.Bc6 Kf6 45.Bxb5 Nxb4 46.Kxb4 Kg7 
47.Be8 Kh8 48.Kc5 Kg8 49.Kd6 Kh8 50.Ke7 Kg7 51.Bg6 Kh8 52.h6 Kg8 53.h7+ 
Kg7 54.h8=Q+ Kxh8 1/2-1/2

[Event "XIV American Continental"]
[Site "Sao Paulo BRA"]
[Date "2019.07.12"]
[Round "10.90"]
[White "De Oliveira, Francemir Barra"]
[Black "Melo, Igor de Souza"]
[Result "0-1"]
[WhiteElo "1600"]
[BlackElo "1825"]
[EventDate "2019.07.05"]
[PlyCount "100"]
[EventRounds "11"]
[EventCountry "BRA"]

1.e4 e6 2.d4 d5 3.e5 c5 4.c3 Nc6 5.Nf3 h6 6.a3 Qb6 7.Bd3 cxd4 8.cxd4 Qa5+ 
9.Bd2 Qb6 10.Bc3 Nge7 11.g4 Ng6 12.Qd2 Be7 13.Bxg6 fxg6 14.Qd3 O-O 15.Nbd2
g5 16.h4 gxh4 17.O-O-O Qd8 18.Kb1 Bd7 19.Rh2 Be8 20.Rdh1 g5 21.Ne1 Kg7 22.
Ka1 Bg6 23.Qe3 b5 24.Nb1 a5 25.Bd2 Rh8 26.Nd3 Qb6 27.Nc5 Nxd4 28.Nxe6+ 
Qxe6 29.Qxd4 b4 30.Rh3 Rhc8 31.Rc1 Rxc1 32.Bxc1 Rc8 33.Qe3 Qxg4 34.Rh1 Qf5
35.Bd2 Qe4 36.Qa7 Qxe5 37.Re1 Rc7 38.Qxa5 Qh2 39.f4 Rd7 40.Bxb4 Bxb4 41.
Qxb4 Qxf4 42.Re7+ Rxe7 43.Qxe7+ Bf7 44.a4 Qxa4+ 45.Na3 Qd1+ 46.Nb1 Qd4 47.
Nc3 h3 48.Ne2 Qd1+ 49.Ka2 d4+ 50.b3 Qxb3+ 0-1

[Event "XIV American Continental"]
[Site "Sao Paulo BRA"]
[Date "2019.07.12"]
[Round "10.91"]
[White "Silva, Rodrigo Ferreira da"]
[Black "Do Prado, Hamilton Mesquita"]
[Result "1-0"]
[WhiteElo "1803"]
[BlackElo "1675"]
[EventDate "2019.07.05"]
[PlyCount "51"]
[EventRounds "11"]
[EventCountry "BRA"]

1.e4 d6 2.d4 Nf6 3.Bd3 Nbd7 4.c4 c6 5.Ne2 e5 6.O-O Be7 7.d5 Nf8 8.Nbc3 h6 
9.Bd2 g5 10.Qc2 Ng6 11.Nd1 Nf4 12.Ne3 h5 13.Ng3 Ng4 14.Ngf5 Bf8 15.Bc3 Bd7
16.Rfe1 c5 17.b4 b6 18.bxc5 bxc5 19.Be2 Nxe3 20.fxe3 Nxe2+ 21.Qxe2 Bxf5 
22.exf5 f6 23.Reb1 Rb8 24.Qc2 Rh7 25.Qa4+ Kf7 26.Qxa7+ 1-0

[Event "XIV American Continental"]
[Site "Sao Paulo BRA"]
[Date "2019.07.12"]
[Round "10.92"]
[White "Azevedo, Eduardo Jose Estevao de"]
[Black "Haraguchi, Diego Sashaki"]
[Result "1/2-1/2"]
[WhiteElo "1738"]
[BlackElo "1634"]
[EventDate "2019.07.05"]
[PlyCount "78"]
[EventRounds "11"]
[EventCountry "BRA"]

1.d4 Nf6 2.Bg5 Ne4 3.Bf4 d5 4.e3 e6 5.Bd3 Bd6 6.Ne2 Nf6 7.Nd2 c5 8.c3 Nc6 
9.Nf3 O-O 10.O-O Bxf4 11.Nxf4 cxd4 12.exd4 Qc7 13.g3 b6 14.Re1 Re8 15.Ne5 
Bb7 16.Nh5 Qe7 17.Qf3 Nxe5 18.dxe5 Nxh5 19.Qxh5 g6 20.Qg4 h5 21.Qd4 Rac8 
22.Re3 Qc5 23.Rae1 Qxd4 24.cxd4 Rc7 25.f4 Rec8 26.Rd1 Kf8 27.Kf2 Ke7 28.
Ree1 a6 29.Ke3 Kd7 30.Kd2 Bc6 31.Rc1 Bb5 32.Bxb5+ axb5 33.Rxc7+ Rxc7 34.
Rc1 Ra7 35.a3 Ra4 36.Kd3 b4 37.axb4 Rxb4 38.Rc2 Rb3+ 39.Ke2 Rb4 1/2-1/2

[Event "XIV American Continental"]
[Site "Sao Paulo BRA"]
[Date "2019.07.12"]
[Round "10.93"]
[White "Da Silveira, Thiago Graca"]
[Black "Feller, Gabriela Luisa Vicente"]
[Result "0-1"]
[WhiteElo "1590"]
[BlackElo "1710"]
[EventDate "2019.07.05"]
[PlyCount "98"]
[EventRounds "11"]
[EventCountry "BRA"]

1.e4 e5 2.Nf3 Nf6 3.Nxe5 d6 4.Nf3 Nxe4 5.Qe2 Qe7 6.Nc3 Nxc3 7.dxc3 Nc6 8.
Nd4 Bd7 9.Be3 a6 10.O-O-O g6 11.h4 Bg7 12.Qd2 O-O 13.h5 b5 14.Bh6 Rae8 15.
Bxg7 Kxg7 16.hxg6 fxg6 17.Qh6+ Kg8 18.Qd2 Qf7 19.Kb1 Qxf2 20.Qh6 Qf7 21.
Bd3 Ne5 22.Rdf1 Qg7 23.Rxf8+ Rxf8 24.Qd2 Nxd3 25.cxd3 Qf6 26.Qh6 Qg7 27.
Qd2 c5 28.Nf3 h5 29.Kc2 Bc6 30.Nh2 Qe5 31.Nf1 Qd5 32.Ne3 Qxa2 33.Rg1 Qa4+ 
34.Kb1 Qh4 35.g3 Qg5 36.d4 Be4+ 37.Ka2 Rf3 38.Re1 Rxg3 39.dxc5 dxc5 40.Qf2
Rf3 41.Qd2 Qf6 42.Ka3 a5 43.Nd5 b4+ 44.Ka2 Bxd5+ 45.Qxd5+ Qf7 46.Re8+ Kg7 
47.Re7 Qxe7 48.Qxf3 Qf7+ 49.Qxf7+ Kxf7 0-1

[Event "XIV American Continental"]
[Site "Sao Paulo BRA"]
[Date "2019.07.12"]
[Round "10.94"]
[White "Mesquita, Arnaldo Leite"]
[Black "Caldas, Raphael C B R Leitao"]
[Result "1-0"]
[WhiteElo "1703"]
[BlackElo "1421"]
[EventDate "2019.07.05"]
[PlyCount "37"]
[EventRounds "11"]
[EventCountry "BRA"]

1.Nf3 c5 2.c4 g6 3.g3 Bg7 4.Bg2 Nf6 5.Nc3 O-O 6.O-O Nc6 7.d3 d6 8.Rb1 Bd7 
9.a3 Qc8 10.Re1 Bh3 11.Bh1 h6 12.Qc2 Ng4 13.Nd5 Nf6 14.e4 Nxd5 15.exd5 Ne5
16.Nxe5 dxe5 17.b4 b6 18.Bb2 Qc7 19.Qe2 1-0

[Event "XIV American Continental"]
[Site "Sao Paulo BRA"]
[Date "2019.07.12"]
[Round "10.95"]
[White "Costa, Iaggo Bernini"]
[Black "Dos Santos, Fabio Alexandre"]
[Result "1/2-1/2"]
[WhiteElo "1507"]
[BlackElo "1821"]
[EventDate "2019.07.05"]
[PlyCount "59"]
[EventRounds "11"]
[EventCountry "BRA"]

1.e4 e6 2.d4 d5 3.Nd2 Nf6 4.e5 Nfd7 5.Bd3 c5 6.c3 Nc6 7.Ne2 Be7 8.O-O cxd4
9.cxd4 O-O 10.Nf3 f6 11.exf6 Nxf6 12.a3 Ne4 13.Bc2 Bf6 14.Qd3 e5 15.dxe5 
Bxe5 16.Rd1 Be6 17.h4 Rxf3 18.Qxf3 Qxh4 19.g3 Qh3 20.Bxe4 dxe4 21.Qxe4 Rf8
22.Nf4 Qg4 23.Re1 Bf5 24.Qd5+ Kh8 25.Rxe5 Nxe5 26.Qxe5 Qd1+ 27.Kg2 Bg4 28.
Qd5 Qxd5+ 29.Nxd5 Bf3+ 30.Kg1 1/2-1/2

[Event "XIV American Continental"]
[Site "Sao Paulo BRA"]
[Date "2019.07.12"]
[Round "10.96"]
[White "Machado, Wesley Henrique"]
[Black "Andreata, Mauro Antonio"]
[Result "0-1"]
[WhiteElo "1386"]
[BlackElo "1648"]
[EventDate "2019.07.05"]
[PlyCount "163"]
[EventRounds "11"]
[EventCountry "BRA"]

1.e4 c6 2.e5 d5 3.d4 Bf5 4.Nc3 e6 5.g4 Bg6 6.h4 h5 7.g5 Ne7 8.Bd3 Nd7 9.
Be3 Qb6 10.Bxg6 Nxg6 11.Nge2 Bb4 12.a3 Be7 13.Kf1 Rc8 14.b4 a6 15.f4 a5 
16.Na4 Qc7 17.c3 Ra8 18.Rb1 axb4 19.axb4 b5 20.Nc5 Bxc5 21.bxc5 Ne7 22.Ra1
O-O 23.Kf2 Qb7 24.Ng3 g6 25.Qb1 Rxa1 26.Qxa1 Ra8 27.Qb2 Ra4 28.Ra1 Qa6 29.
Rxa4 bxa4 30.Bc1 Nc8 31.Qe2 Qa5 32.Qb2 Qb5 33.Qxb5 cxb5 34.Ke2 Nb8 35.Ba3 
Nc6 36.Kd3 N8e7 37.Kc2 Na5 38.Bb4 Nc4 39.Nf1 Nc6 40.Nd2 Ne3+ 41.Kb2 Ng2 
42.Nf3 Nxf4 43.Kc2 Ne2 44.Kd2 Ng3 45.Kd3 Nf5 46.Kd2 Kf8 47.Kd3 Ke8 48.Kd2 
Kd7 49.Kd3 Ng3 50.Nd2 Ne7 51.Ba5 Kc6 52.Nf3 Nef5 53.Bb4 Ne4 54.Ba3 Nf2+ 
55.Ke2 Ne4 56.Kd3 Ne7 57.Bb4 Kd7 58.Ne1 Nc6 59.Nf3 Ne7 60.Ba3 Nf5 61.Bb4 
Nf2+ 62.Ke2 Nh3 63.Kd2 Nf4 64.Ba3 Ng2 65.Bc1 Ngxh4 66.Nxh4 Nxh4 67.Ke2 Nf5
68.Kf3 Ne7 69.Ke2 Nc6 70.Kd3 Na5 71.Kc2 Nc4 72.Bf4 h4 73.Kc1 h3 74.Kc2 
Ne3+ 75.Kb2 Nf1 76.Ka3 Kc6 77.Kb4 h2 78.Bxh2 Nxh2 79.c4 dxc4 80.Ka3 Nf3 
81.Kb4 Nxg5 82.Kc3 0-1

[Event "XIV American Continental"]
[Site "Sao Paulo BRA"]
[Date "2019.07.12"]
[Round "10.97"]
[White "Reyes, Jesus"]
[Black "Japiassu, Glauco Antonio Bezerra"]
[Result "1-0"]
[WhiteElo "1354"]
[BlackElo "1526"]
[EventDate "2019.07.05"]
[PlyCount "61"]
[EventRounds "11"]
[EventCountry "BRA"]

1.e4 e6 2.d3 d5 3.Qe2 c6 4.Nf3 Nf6 5.g3 Be7 6.Bg2 O-O 7.O-O Nbd7 8.e5 Ne8 
9.d4 c5 10.c3 cxd4 11.cxd4 f6 12.h4 fxe5 13.dxe5 Nc5 14.Nd4 a6 15.Nc3 Nc7 
16.Bf4 Bxh4 17.Qg4 Be7 18.Rad1 Qe8 19.b4 Na4 20.Nxa4 Qxa4 21.Rc1 Qd7 22.a3
Nb5 23.Nxb5 axb5 24.Rc3 Ra6 25.Bh6 Rf7 26.Bxd5 Bf8 27.Bg2 g6 28.Bg5 Bg7 
29.Rd1 Rd6 30.Rxd6 Qxd6 31.Rxc8+ 1-0

[Event "XIV American Continental"]
[Site "Sao Paulo BRA"]
[Date "2019.07.12"]
[Round "10.98"]
[White "Olivo, Anibal Ribeiro"]
[Black "Amaral, Danilo Tokechi"]
[Result "0-1"]
[WhiteElo "1649"]
[BlackElo "1432"]
[EventDate "2019.07.05"]
[PlyCount "124"]
[EventRounds "11"]
[EventCountry "BRA"]

1.e4 c5 2.Nf3 d6 3.d4 cxd4 4.Nxd4 Nf6 5.Nc3 g6 6.Be3 Bg7 7.f3 O-O 8.Qd2 
Nc6 9.O-O-O Nxd4 10.Bxd4 Be6 11.Kb1 Qc7 12.h4 Rfc8 13.g4 Qa5 14.a3 Rab8 
15.Nd5 Qxd2 16.Rxd2 Bxd5 17.exd5 a6 18.h5 Nd7 19.Bxg7 Kxg7 20.hxg6 hxg6 
21.g5 b5 22.f4 a5 23.Rdh2 Nf8 24.Rh3 b4 25.Re3 Rc7 26.Bg2 bxa3 27.Rxa3 
Rcb7 28.b3 Ra8 29.Ra4 Nd7 30.Kc1 Nc5 31.Rc4 Rb4 32.Rxb4 axb4 33.Kd2 Ra2 
34.Rh3 e6 35.dxe6 Nxe6 36.Rf3 Nd4 37.Rd3 Nxc2 38.Kd1 Ne3+ 39.Kc1 Nxg2 40.
Rd4 Rf2 41.Rxb4 Rxf4 42.Rb6 Rf5 43.Rxd6 Rb5 44.Kc2 Ne1+ 45.Kc3 Nf3 46.Kc4 
Rxg5 47.b4 Ne5+ 48.Kb3 Kf8 49.b5 Ke7 50.Rd1 Nd7 51.Kb4 Kd8 52.Re1 Rc5 53.
Rf1 Rf5 54.Re1 Re5 55.Rf1 f6 56.Rc1 Re6 57.Rc2 Rd6 58.Rc1 Ke7 59.Re1+ Kf7 
60.Rc1 g5 61.Rc7 Ke6 62.Rc1 f5 0-1

[Event "XIV American Continental"]
[Site "Sao Paulo BRA"]
[Date "2019.07.12"]
[Round "10.99"]
[White "Passos Coutinho, Eduardo"]
[Black "Haraguchi, Matheus Sashaki"]
[Result "1/2-1/2"]
[WhiteElo "1728"]
[BlackElo "1555"]
[EventDate "2019.07.05"]
[PlyCount "79"]
[EventRounds "11"]
[EventCountry "BRA"]

1.e4 e6 2.d4 d5 3.Nd2 Nf6 4.e5 Nfd7 5.Bd3 c5 6.c3 Nc6 7.Ne2 Be7 8.O-O O-O 
9.Nf3 b6 10.Be3 Bb7 11.Nf4 Rc8 12.a3 cxd4 13.cxd4 Na5 14.Nd2 h6 15.Qg4 Kh8
16.Nxe6 fxe6 17.Qxe6 Rc6 18.Qg4 Rg8 19.Rac1 Nf8 20.Rxc6 Nxc6 21.Qh5 Nh7 
22.f4 Nb8 23.b4 Bc6 24.f5 Be8 25.Qg4 Bg5 26.Bxg5 Qxg5 27.Qxg5 Nxg5 28.h4 
Nh7 29.g4 Rf8 30.Rc1 a6 31.Rc7 Kg8 32.Nf3 b5 33.g5 hxg5 34.Nxg5 Nxg5 35.
hxg5 Nc6 36.f6 gxf6 37.exf6 Nxd4 38.Rg7+ Kh8 39.Rh7+ Kg8 40.Rg7+ 1/2-1/2

[Event "XIV American Continental"]
[Site "Sao Paulo BRA"]
[Date "2019.07.12"]
[Round "10.101"]
[White "Leite, Tarcisio Dantas Frota"]
[Black "Pereira Filho, Hildebrando Apolonio"]
[Result "0-1"]
[WhiteElo "1571"]
[BlackElo "1573"]
[EventDate "2019.07.05"]
[PlyCount "128"]
[EventRounds "11"]
[EventCountry "BRA"]

1.e4 c5 2.c3 g6 3.d4 b6 4.g3 Bb7 5.Bg2 Bg7 6.Be3 Nf6 7.f3 cxd4 8.cxd4 O-O 
9.Ne2 Nc6 10.Nbc3 d6 11.O-O Rc8 12.Rc1 Nd7 13.f4 Na5 14.b3 Nf6 15.Kh1 Qd7 
16.d5 Ba6 17.Re1 Ng4 18.Bg1 Nb7 19.h3 Nf6 20.b4 Bc4 21.Qd2 e5 22.g4 Rc7 
23.Ng3 Rfc8 24.f5 Qe7 25.g5 Nd7 26.f6 Nxf6 27.gxf6 Bxf6 28.Be3 Bh4 29.Qf2 
f5 30.exf5 Rf8 31.Qf3 Qg7 32.Qg4 Bxg3 33.Qxg3 gxf5 34.Qxg7+ Kxg7 35.Rg1 
Kf7 36.Bf1 Bxf1 37.Rgxf1 f4 38.Ne4 Rfc8 39.Rxc7+ Rxc7 40.Bf2 Kg6 41.Rg1+ 
Kf5 42.Ng5 h6 43.Ne6 Rc2 44.Bd4 Ke4 45.Re1+ Kxd5 46.Bxe5 dxe5 47.Ng7 Nd6 
48.Rd1+ Kc6 49.a4 a6 50.Nh5 Nf7 51.Nf6 Ng5 52.Rd3 e4 53.Rb3 b5 54.axb5+ 
axb5 55.Ng4 Nf3 56.Rxf3 exf3 57.Ne5+ Kd5 58.Nxf3 Kc4 59.Ne5+ Kxb4 60.Nd3+ 
Ka3 61.Nxf4 b4 62.Ne6 b3 63.Nd4 Rc1+ 64.Kg2 b2 0-1

[Event "XIV American Continental"]
[Site "Sao Paulo BRA"]
[Date "2019.07.13"]
[Round "11.2"]
[White "Iturrizaga Bonelli, Eduardo"]
[Black "Vazquez Colman, Guillermo"]
[Result "1/2-1/2"]
[WhiteElo "2625"]
[BlackElo "2483"]
[EventDate "2019.07.05"]
[PlyCount "29"]
[EventRounds "11"]
[EventCountry "BRA"]

1.Nf3 d5 2.d4 Nf6 3.c4 e6 4.Nc3 dxc4 5.e4 Bb4 6.Bg5 c5 7.Bxc4 cxd4 8.Nxd4 
Bxc3+ 9.bxc3 Qa5 10.Bb5+ Bd7 11.Bxf6 gxf6 12.Bxd7+ Nxd7 13.O-O a6 14.Rb1 
Qc7 15.Qh5 1/2-1/2

[Event "XIV American Continental"]
[Site "Sao Paulo BRA"]
[Date "2019.07.13"]
[Round "11.12"]
[White "Leitao, Rafael"]
[Black "Bittencourt, Jorge"]
[Result "1-0"]
[WhiteElo "2616"]
[BlackElo "2433"]
[EventDate "2019.07.05"]
[PlyCount "113"]
[EventRounds "11"]
[EventCountry "BRA"]

1.d4 Nf6 2.c4 e6 3.Nc3 d5 4.cxd5 exd5 5.Bg5 Be7 6.e3 c6 7.Bd3 Nbd7 8.h3 
Nf8 9.Bf4 Ng6 10.Bh2 Bd6 11.Bxd6 Qxd6 12.Qc2 Bd7 13.Nf3 Qe7 14.O-O-O O-O-O
15.Kb1 Kb8 16.Nd2 Ne8 17.Nb3 Nd6 18.Rhe1 f5 19.f3 Rhe8 20.Ka1 Qg5 21.Qf2 
Qh4 22.g3 Qf6 23.Nc5 Ne7 24.h4 Nec8 25.Bc2 Nb6 26.Nd3 Nbc4 27.Re2 Be6 28.
b3 Nb6 29.Kb1 Bf7 30.Rg1 Re7 31.g4 fxg4 32.Rxg4 Bh5 33.Rf4 Qe6 34.Qg3 Ka8 
35.Qg5 Bg6 36.Nc5 Bxc2+ 37.Kxc2 Qg6+ 38.Qxg6 hxg6 39.Kd3 Nf5 40.Nd1 Rh8 
41.Rh2 Nd7 42.Nxd7 Rxd7 43.Nf2 Kb8 44.Ng4 Re7 45.Ne5 Re6 46.Nxg6 Rxg6 47.
Rxf5 Rg3 48.Ke2 g5 49.h5 g4 50.Kf2 Rxf3+ 51.Rxf3 gxf3 52.Kxf3 Kc7 53.h6 
Kd6 54.h7 Ke6 55.e4 dxe4+ 56.Kxe4 Kf6 57.d5 1-0

[Event "XIV American Continental"]
[Site "Sao Paulo BRA"]
[Date "2019.07.13"]
[Round "11.18"]
[White "Mieles Palau, Daniel"]
[Black "Molina, Roberto Junio Brito"]
[Result "1-0"]
[WhiteElo "2359"]
[BlackElo "2464"]
[EventDate "2019.07.05"]
[PlyCount "133"]
[EventRounds "11"]
[EventCountry "BRA"]

1.c4 c6 2.Nf3 d5 3.e3 Nf6 4.Nc3 a6 5.Qc2 g6 6.d4 Bf5 7.Bd3 Bxd3 8.Qxd3 Bg7
9.O-O O-O 10.b3 Nbd7 11.Bb2 Rc8 12.Rac1 Re8 13.cxd5 cxd5 14.Rc2 Rc7 15.
Rfc1 Qb8 16.Ne5 Rd8 17.Nxd7 Rdxd7 18.Na4 Ne8 19.Nb6 Rd6 20.Na4 Rdd7 21.Bc3
Bf8 22.Ba5 Rxc2 23.Qxc2 b5 24.Nc5 Ra7 25.Nd3 Ra8 26.Qc6 e6 27.Ne5 Nf6 28.
g4 h6 29.h4 Bd6 30.Bc7 Bxc7 31.Qxc7 Qa7 32.g5 hxg5 33.hxg5 Ne8 34.Qc6 Kg7 
35.f4 Rd8 36.Kg2 Nd6 37.Qc7 Qxc7 38.Rxc7 Rc8 39.Rd7 Rc2+ 40.Kf3 Ne4 41.
Rxf7+ Kg8 42.Re7 Rf2+ 43.Kg4 Rg2+ 44.Kh3 Rg3+ 45.Kh2 Rxe3 46.Rxe6 Re2+ 47.
Kh3 Rxa2 48.Rxg6+ Kf8 49.Rb6 Rb2 50.Kg4 Rxb3 51.Kf5 Rc3 52.Rb8+ Ke7 53.
Rb7+ Kd8 54.Rd7+ Kc8 55.Rxd5 Ng3+ 56.Ke6 Nh5 57.Kd6 Rg3 58.Rc5+ Kb7 59.Nd7
Nxf4 60.Rc7+ Ka8 61.Kc6 Rc3+ 62.Nc5 Rc4 63.g6 Rxd4 64.Rc8+ Ka7 65.g7 Nd5 
66.Rc7+ Nxc7 67.g8=Q 1-0